000 00507nam a22001817a 4500
003 UA-OsUOA
001 10766
007 ta
008 20050206b un ||||| |||| 00| 0 ukr d
100 _aПархоменко В.
942 _cSA
040 _aUA-OsUOA
_cUA-OsUOA
_dUA-OsUOA
245 _aРічна фінансова звітність
300 _aС.16-23
955 _a0
773 0 _w0
_tПраця і зарплата
_dКиїв
_d2005
_g№5
650 7 _aБухгалтерський облік
_2UDC
999 _c296927
_d296927